name of chess player - Statistiques

Statistiques générales
  • Ce quiz a été pris 157 fois
  • Le résultat moyen est 6 sur 9
Answers on the Grid
Answers color-coded by a green-red scale on the quiz's grid according to % correct below.
Magnus Carlsen
Igor Malenkov
Julien Carpentier
Fabiano Caruana
Viktor Dragunov
Samuel DeWitt
Gukesh Dommaraju
Anatoli Karpov
Hikaru Nakamura
Hans Keller
Leonardo Spinetti
Rajiv Banerjee
Viswanathan Anand
Omar El-Sharif
Arjun Erigaisi
Tomasz Wojcik
Carlos Esteban Reyes
Garry Kasparov
Aksel Lundgren
Mehmet Arslan
Bobby Fischer
Peter O’Connell
 
Statistiques - réponses
Réponse % Correct
Magnus Carlsen
99%
Hikaru Nakamura
78%
Anatoli Karpov
74%
Fabiano Caruana
74%
Garry Kasparov
74%
Bobby Fischer
71%
Gukesh Dommaraju
66%
Viswanathan Anand
53%
Arjun Erigaisi
50%
Aucun quiz correspondant
Distribution des résultats
% des personnes avec chaque résultat
Percentile par nombre de réponses
Votre historique - résultats
Vous n’avez pas pris ce quiz